| 000 | 01881cam a22005054i 4500 | ||
|---|---|---|---|
| 003 | PE-LiUPU | ||
| 005 | 20250731165612.0 | ||
| 008 | 150706s2011 pe a r 000 0 d | ||
| 020 | _a9786124091186 | ||
| 035 | _a(Sirsi) i9786124091186 | ||
| 040 |
_aPE-LiUPU _bspa _cPE-LiUPU _erda |
||
| 049 | _aPRUA | ||
| 082 | 0 | 4 |
_a079.85 _bM39 _221 |
| 100 | 1 |
_aMejía Chiang, César, _eautor. |
|
| 245 | 1 | 0 |
_aCultura popular limeña y prensa chicha / _cCécar Mejía Chiang. |
| 264 | 1 |
_aLima : _bGrupo Editorial Mesa Redonda, _c2011. |
|
| 300 |
_a131 páginas : _bilustraciones ; _c21 cm. |
||
| 336 |
_atext _2rdacontent |
||
| 337 |
_aunmediated _2rdamedia |
||
| 338 |
_avolume _2rdacarrier |
||
| 505 | 0 | _aIndustrias culturales en la posmodernidad -- Configuración de la cultura popular limeña -- Conflicto de los tabloides "chicha" con la deontología profesional -- Análisis de las portadas de Ajá, Trome y El Popular. | |
| 526 | _aSEG44 | ||
| 526 | _aSEG26 | ||
| 526 | _aP151 | ||
| 526 | _aP150 | ||
| 526 | _aP149 | ||
| 526 | _aP146 | ||
| 526 | _aP145 | ||
| 526 | _aP126 | ||
| 526 | _aP125 | ||
| 526 | _aP92 | ||
| 526 | _aP75 | ||
| 526 | _aP74 | ||
| 526 | _aP27 | ||
| 526 | _aP15 | ||
| 541 | _g030-0010717; | ||
| 650 | 0 | 4 |
_aPeriódicos sensacionalistas _xAspectos sociales _zPerú. |
| 650 | 0 | 4 |
_aSensacionalismo en el periodismo _xAspectos sociales _zPerú. |
| 910 | _agl20111212 | ||
| 942 |
_2ddc _cBOOK |
||
| 949 |
_a079.85 M39 _wDEWEY _c1 _i64218 _lCCODEBUL1 _mBUL _p10.00 _r0 _sY _tBOOK _u2015-7-6 _xFCE _PP04 _o.STAFF. Colección General |
||
| 994 |
_aC0 _bPEPRU |
||
| 596 | _a1 | ||
| 999 |
_a079.85 M39 _wDEWEY _c53041 _i64218 _d53041 _e2016-6-23 _f2021-11-8 _g6 _lCCODEBUL1 _mBUL _n4 _p10.00 _q1 _r0 _sY _tBOOK _u2015-7-6 _xEDUCACION _PP04 _0COMPRA _o.STAFF. Colección General |
||
| 980 |
_81 _gALBERTO SANCHEZ Responsable de Automatización |
||